000 00696cam a22002053a 4500
001 45120
003 PGUSA
005 20140828084030.0
008 140312s2014||||xxu|||||s|||||000 | eng d
040 _aPGUSA
_beng
042 _adc
100 1 _aLucchesini, Cesare,
_d1756-1832
245 1 0 _aDella illustrazione delle lingue antiche e moderne e principalmente dell'italiana :
_bprocurata nel secolo XVIII. dagli Italiani - Parte II
_h[electronic resource] /
_cCesare Lucchesini
260 _bProject Gutenberg,
_c2014
506 _aPublic domain in the USA.
516 _aElectronic text
830 0 _aProject Gutenberg
_v45120
856 4 0 _uhttp://www.gutenberg.org/ebooks/45120
942 _cEB
999 _c274371
_d274371